Rzeki Polski na mapie (wersja trudna) - Statystyki

Ogólne statystyki
  • Ten quiz został rozwiązany 202 razy
  • Średni wynik to 23 z 100
Odpowiedzi na mapie
Odpowiedzi zakodowano w zielono-czerwonej skali na mapie do tego quizu, zgodnie z poniższymi procentami.
 
Statystyki odpowiedzi
Odpowiedź % Poprawnych
Barycz
61%
Wisła
47%
Bóbr
46%
Biała Nida
42%
Biebrza
41%
Biała
40%
Bug
40%
Brda
38%
Odra
38%
Biała Przemsza
37%
Dunajec
34%
Białka
33%
Bzura
33%
Nysa Łużycka
33%
Noteć
32%
Czarna Hańcza
31%
Narew
31%
Nysa Kłodzka
31%
Drawa
30%
Bystrzyca (dopływ Odry)
29%
Drwęca
29%
Pilica
29%
Łyna
28%
Kwisa
27%
Pasłęka
27%
Warta
27%
Gwda
26%
Ina
26%
Łeba
26%
Brynica
25%
Bystrzyca (dopływ Tyśmienicy)
25%
Czarna Nida
25%
Ełk
25%
Mała Panew
25%
Nida
25%
Nogat
25%
Obra
25%
Prosna
25%
Wisłok
25%
Czarna Przemsza
24%
Iłżanka
24%
Kaczawa
24%
Krzna
24%
Olza
24%
Jasiołka
23%
Liwiec
23%
Oława
23%
Radunia
23%
Wieprz
23%
Czarna
22%
Czarna (Staszowska)
22%
Guber
22%
Huczawa
22%
Kamienna
22%
Liswarta
22%
Liwa
22%
Lubaczówka
22%
Łupawa
22%
Poprad
22%
Raba
22%
Radomka
22%
Rawka
22%
Rega
22%
Omulew
20%
Osa
20%
Pisa
20%
Przemsza
20%
Radew
20%
Ropa
20%
Ner
19%
Parsęta
19%
Płonia
19%
Prądnik
19%
Wkra
19%
Nurzec
18%
Osława
18%
San
18%
Wda
18%
Wisłoka
18%
Orawa
17%
Orzyc
17%
Wełna
14%
Wierzyca
14%
Tanew
13%
Widawa
13%
Świder
12%
Widawka
12%
Soła
11%
Wieprza
11%
Słupia
10%
Skrwa
9%
Ślęża
9%
Tyśmienica
9%
Sokółka
8%
Strwiąż
8%
Supraśl
8%
Szreniawa
8%
Skawa
6%
Stobrawa
6%
Rozoga
1%
Nie znaleziono quizów pasujących do podanych kryteriów
Rozkład punktacji
Procent ludzi z każdym wynikiem
Percentyl według liczby udzielonych odpowiedzi
Twoja historia wyników
Nie rozwiązałeś tego quizu